Aplicaciones de la lingüística sistémica funcional en contextos educativos y de divulgación : homenaje a Ann Borsinger /

Bibliographic Details
Other Authors: Wiefling, Fernanda (Editor), Atorresi, Ana (Editor)
Format: Electronic eBook
Language:Spanish
Published: Río Negro, Argentina : Editorial UNRN, 2023.
Edition:Primera edición.
Series:Colección Aprendizajes.
Subjects:
Online Access:Digitalia Hispánica

MARC

LEADER 00000nam a2200000Ii 4500
001 DIGEDUNRN0031
003 NyNyDIG
008 240715s2023 ag a ob 000 0 spa d
006 m o d
007 cr |||||||||||
035 |a (OCoLC)1449536361 
040 |a DGITA  |b eng  |e rda  |e pn  |c DGITA 
020 |a 9789878258119  |q eBook 
020 |z 9789878258102 
050 1 4 |a P149 ebook 
245 0 0 |a Aplicaciones de la lingüística sistémica funcional en contextos educativos y de divulgación :  |b homenaje a Ann Borsinger /  |c Fernanda Wiefling, Ana Atorresi. 
250 |a Primera edición. 
264 1 |a Río Negro, Argentina :  |b Editorial UNRN,  |c 2023. 
300 |a 1 online resource :  |b illustrations. 
336 |a text  |b txt  |2 rdacontent 
337 |a computer  |b c  |2 rdamedia 
338 |a online resource  |b cr  |2 rdacarrier 
347 |a text file  |2 rdaft 
347 |b EPUB 
490 1 |a Aprendizajes 
504 |a Includes bibliographical references. 
588 0 |a Online resource; title from ePub title page (Digitalia, viewed July 15, 2024) 
650 0 |a Systemic grammar. 
650 0 |a Functionalism (Linguistics) 
650 0 |a Language and education. 
700 1 |a Wiefling, Fernanda,  |e editor. 
700 1 |a Atorresi, Ana,  |e editor. 
776 0 8 |i Print version:  |t Aplicaciones de la lingüística sistémica funcional en contextos educativos y de divulgación.  |b Primera edición.  |d Río Negro, Argentina : Editorial UNRN, 2023  |z 9789878258102 
791 2 |a Digitalia (Firm),  |e distributor. 
793 0 |g Digitalia eBook Collection:  |a Editorial UNRN 
830 0 |a Colección Aprendizajes.  
856 4 0 |3 Digitalia Hispánica  |u https://www.digitaliapublishing.com/a/157190/ 
910 |a Premium collection: 2024